000 00304nam a22001217a 4500
008 181129b xxu||||| |||| 00| 0 eng d
041 _aeng
080 _a043.3
100 _a0
101 _aBTH-MBE
245 _aBrands impact on increasing sales: Case Study "Fortesa Home"
_cSahiti, G
942 _2udc
_cBK
999 _c52653
_d52653